000 00397nam a2200169Ia 4500
001 3360
005 20260306145637.0
008 260306t9999||||xx |||||||||||||| ||spa||
041 _aESP
082 _a270.092
_bU61 2009
110 _aUniversidad Politécnica Salesiana
245 0 _aEl poema del amor educativo
300 _a
_c
650 _aGEN
654 _aCHU
942 _cLIB
_dJUS
_fJUS
_2ddc
_n
999 _c3360
_d3360